Charlotte Hornets Head Coaches by Picture - Statistics

General Stats
  • This quiz has been taken 20 times
    5 since last reset
  • The average score is 3 of 12
Answer Stats
Picture Hint Answer % Correct
2024-Present Charles Lee
100%
2018-2022 James Borrego
50%
2008-2010 Larry Brown
50%
1999-2002 | 2010-2012 Paul Silas
50%
2013-2018 | 2022-2024 Steve Clifford
50%
2004-2007 Bernie Bickerstaff
25%
1991-1996 Allan Bristow
0%
1996-1999 Dave Cowens
0%
1988-1990 Dick Harter
0%
1990-1991 Gene Littles
0%
2012-2013 Mike Dunlap
0%
2007-2008 Sam Vincent
0%
No matching quizzes found
Score Distribution
Percent of People with Each Score
Percentile by Number Answered
Your Score History
You have not taken this quiz since the last reset